| 000 | 00604nam a2200193Ii 4500 | ||
|---|---|---|---|
| 003 | JO-AjNU | ||
| 008 | 230605s9999||||xx |||||||||||||| ||und|| | ||
| 040 |
_aJO-AjNU _bara _erda _cJO-AjNU |
||
| 041 | _aara | ||
| 050 | 1 | 4 | _aQA76.73.M35 2020 |
| 100 | 3 |
_aترجمة واعداد معمو، محمد شيخو , _eauthor _962373 |
|
| 245 | 0 | 0 | _aاحترف PYTHON |
| 264 | 3 | 1 | _aسوريا: دار شعاع للنشر، 2020 |
| 300 | _a344ص | ||
| 336 |
_atext _btxt _2rdacontent |
||
| 337 |
_aunmediated _bn _2rdamedia |
||
| 338 |
_avolume _bnc _2rdacarrier |
||
| 650 | 4 |
_aلغات البرمجه _962374 |
|
| 999 |
_aA28241 _c31809 _d31809 |
||